Petit Bac - cinéma - Statistiques

Statistiques générales
  • Ce quiz a été pris 5 221 fois
  • Le résultat moyen est 15 sur 26
Statistiques - réponses
Lettre Indice Réponse % Correct
C Ville française, où a lieu le festival de la Palme d'or Cannes
97%
I Pays où se situent Tollywood, Kollywood et Bollywood Inde
89%
Q Prénom commun à Dupieux et Tarantino Quentin
89%
A Film ayant atteint le plus gros chiffre de tous les temps au box-office Avatar
87%
R Saga de boxe, portée par Sylvester Stallone Rocky
87%
J Personnage de comics ayant permis à Joaquin Phoenix et à Heath Ledger d'avoir un Oscar Joker
86%
L Frères lyonnais, à l'origine du cinématographe Lumière
81%
F La première règle est de ne pas en parler Fight Club
78%
N Acteur français ayant incarné Yves Saint-Laurent Pierre Niney
76%
H Trilogie musicale de Disney, mettant en avant Zac Efron dans le rôle d'un basketteur voulant chanter High School Musical
74%
P Film sud-coréen ayant remporté la Palme d'Or et l'Oscar du meilleur film Parasite
72%
G Studio phare de l'animation japonaise, ayant comme figure de proue Hayao Miyazaki Ghibli
70%
T Un des trois seuls films ayant remporté 11 Oscars, avec Ben-Hur et Le Retour du Roi Titanic
65%
K Réalisateur de Shining, Full Metal Jacket, Eyes Wide Shut ou Barry Lyndon Stanley Kubrick
62%
O Nom de famille de trois soeurs actrices, deux jumelles et une actrice récurrente du MCU Olsen
51%
W Film sur un batteur, ayant permis à JK Simons de remporter l'Oscar du meilleur acteur dans un second rôle Whiplash
50%
V Prénom du premier Don Corleone dans Le Parrain Vito
42%
E Oscar du meilleur film en 2023, mettant en avant Michelle Yeoh et Ke Huy Quan dans une intrigue de multivers Everything Everywhere All At Once
41%
U Deuxième long-métrage de Jordan Peele, après Get Out et avant Nope Us
36%
M Rue donnant son nom à un film de David Lynch, mettant en scène Naomi Watts et Laura Harring Mulholland Drive
31%
X Nom de l'alien combattu par Ellen Ripley Xénomorphe
26%
D Acteur le plus oscarisé de l'histoire Daniel Day-Lewis
25%
Y Chanson finale de Grease, chantée en duo par John Travolta et Olivia Newton-John You're The One That I Want
25%
S Acteur derrière Gollum, Snoke, César et le Capitaine Haddock Andy Serkis
19%
B Enfant star, révélé par Steven Spielberg dans ET L'extra-terrestre Drew Barrymore
17%
Z Film retraçant l'histoire de la traque d'Oussama Ben Laden Zero Dark Thirty
11%
Aucun quiz correspondant
Distribution des résultats
% des personnes avec chaque résultat
Percentile par nombre de réponses
Votre historique - résultats
Vous n’avez pas pris ce quiz